Les films dans lesquels a joué Matt Damon - Statistiques

Statistiques générales
  • Ce quiz a été pris 13 fois
  • Le résultat moyen est 11 sur 70
Statistiques - réponses
Année de sortie Film % Correct
1997 Will Hunting
92%
2015 Seul sur Mars
77%
2006 Les Infiltrés
62%
2004 Ocean's Twelve
54%
2002 La Mémoire dans la peau
46%
2004 La Mort dans la peau
46%
2007 La Vengeance dans la peau
46%
2001 Ocean's Eleven
46%
2007 Ocean's Thirteen
46%
2014 Interstellar
38%
2017 Downsizing
31%
1998 Il faut sauver le soldat Ryan
31%
2009 Invictus
31%
2016 Jason Bourne
31%
2021 Le Dernier Duel
31%
2023 Oppenheimer
31%
2017 Thor: Ragnarok
31%
1999 Le Talentueux Mr Ripley
23%
2026 L'Odyssée
23%
2023 Air
15%
2008 Che, 2ème partie
15%
2018 Deadpool 2
15%
1999 Dogma
15%
2001 Jay et Bob contre-attaquent
15%
2011 Nouveau Départ
15%
2026 The Rip
15%
2022 Thor: Love and Thunder
15%
2010 Au-delà
8%
2002 Confessions d'un homme dangereux
8%
2011 Contagion
8%
2003 Deux en un
8%
2013 Elysium
8%
2004 Eurotrip
8%
2002 Gerry
8%
2010 Green Zone
8%
2011 L'Agence
8%
2016 La Grande Muraille
8%
2005 Les Frères Grimm
8%
1998 Les Joueurs
8%
2014 Monuments Men
8%
2004 Père et Fille
8%
2006 Raisons d'Etat
8%
2021 Stillwater
8%
2009 The Informant!
8%
2000 A la rencontre de Forrester
0%
1996 A l'épreuve du feu
0%
2017 Bienvenue à Suburbicon
0%
2000 De si jolis chevaux
0%
2024 Drive-Away
0%
1993 Geronimo
0%
2019 Jay et Bob contre-attaquent… encore
0%
1989 Jusqu'au bout du rêve
0%
1992 La Différence
0%
2000 La Légende de Bagger Vance
0%
2019 Le Mans 66
0%
1988 Le Prix de la passion
0%
2007 L'Homme sans âge
0%
1997 L'Idéaliste
0%
2011 Margaret
0%
1997 Méprise multiple
0%
1988 Mystic Pizza
0%
2021 No Sudden Move
0%
2018 Paranoia
0%
2012 Promised Land
0%
2005 Syriana
0%
2024 The Instigators
0%
2010 True Gift
0%
2002 Une soirée parfaite
0%
1996 Une virée d'enfer
0%
2014 Zero Theorem
0%
Aucun quiz correspondant
Distribution des résultats
% des personnes avec chaque résultat
Percentile par nombre de réponses
Votre historique - résultats
Vous n’avez pas pris ce quiz